| 000 | 00385nam a2200157Ia 4500 | ||
|---|---|---|---|
| 008 | 210210b1993 xxu||||| |||| 00| 0 eng d | ||
| 020 | _a03392 026 0 | ||
| 082 | _a823.8 ELIS | ||
| 100 | _aELIOT (George). | ||
| 245 | _aSilas marner. | ||
| 260 |
_aMadras _bMacmillan India Ltd. _c1993 |
||
| 300 | _axii,168 | ||
| 650 | _aSilas Marner | ||
| 690 | _aEnglish Fiction | ||
| 906 | _a053389 | ||
| 999 |
_c101612 _d101612 |
||